| 000 | 00661nam a2200193Ia 4500 | ||
|---|---|---|---|
| 008 | 090201s9999 xx 000 0 und d | ||
| 010 | _aKPL-67671 | ||
| 040 | _bमराठी | ||
| 041 | _aमराठी | ||
| 082 |
_a45227 _b67671 |
||
| 100 | _aअविनाश धर्माधिकरी | ||
| 245 |
_aअस्वस्थ दशकाची डायरी _cअविनाश धर्माधिकरी |
||
| 250 | _a5 | ||
| 260 |
_c2005 _bमेहता पब्लिशिंग हाउस |
||
| 300 | _a523 | ||
| 300 | _bमोठा | ||
| 600 | _aअस्वस्थ दशकाची डायरी | ||
| 942 | _cBOOK | ||
| 999 |
_c242154 _d242154 |
||